| 000 | 00410nam a2200157 a 4500 | ||
|---|---|---|---|
| 005 | 20140414131925.0 | ||
| 008 | 121029s19uu xx 00 eng d | ||
| 020 | _a0439979005 | ||
| 050 |
_aER _bWh555 2002 |
||
| 100 | _aKavanagh, Peter | ||
| 245 | _aWhat next, Ted?. | ||
| 260 |
_aLondon, New York : _bScholastic Children's Book, _c2002. |
||
| 300 | _a28 | ||
| 650 |
_aStories- _xchildren. |
||
| 999 |
_c111969 _d111969 |
||